00403 2200133 4500001002100000008004100021035002000062245005100082260006300133084002600196082001900222650001400241990001400255INLIS000000000026133 ind  a0010-0417008614 aKebijaksanaan pengembangan ristek di Indonesia aJakarta :bBadan Pengkajian dan Penerapan Teknologi,c1992 a350.855 095 98 Keb -2 a350.855 095 98 aTEKNOLOGI a815192111